| 000 | 00391nam a22001697a 4500 | ||
|---|---|---|---|
| 003 | BD-DhUIB | ||
| 005 | 20251025185615.0 | ||
| 008 | 251025b |||||||| |||| 00| 0 eng d | ||
| 040 |
_aBD-DhUIB _cBD-DhUIB |
||
| 050 | _a658.0072 | ||
| 082 | _222 | ||
| 100 |
_aEvans, James. _91049 |
||
| 245 |
_aBusiness analysis/ _cby James, Evans. |
||
| 250 | _a2nd ed. | ||
| 526 | _aBBA. | ||
| 942 |
_2ddc _cBK |
||
| 999 |
_c611 _d611 |
||